| 000 | 00515nam a2200217Ia 4500 | ||
|---|---|---|---|
| 008 | 170918s9999 xx 000 0 und d | ||
| 020 | _a9780439204231 | ||
| 050 | _bS783 2001 | ||
| 100 | _aStamper, Judith B. | ||
| 245 | _aDinosaur detectives / | ||
| 245 | _cJudith B. Stamper. | ||
| 260 | _aNew York : | ||
| 260 | _bScholastic, | ||
| 260 | _c2001 | ||
| 300 | _a84 pages : | ||
| 300 | _bcolored illustration ; | ||
| 300 | _c19cm. | ||
| 440 | _aThe magic school bus ; | ||
| 440 | _v9 | ||
| 500 | _a510 | ||
| 999 |
_c341595 _d341595 |
||